[Event "NRW Class2 1415"]
[Site "Germany"]
[Date "2015.03.22"]
[Round "8.4"]
[White "Gassmann, Volker"]
[Black "Buscher, Michael"]
[Result "0-1"]
[WhiteElo "2131"]
[BlackElo "2317"]
[PlyCount "108"]
[EventDate "2014.09.14"]
[EventType "team-tourn"]
[EventRounds "9"]
[EventCountry "GER"]
[SourceTitle "EXT 2017"]
[Source "ChessBase"]
[SourceDate "2016.10.25"]
[SourceVersion "1"]
[SourceVersionDate "2016.10.25"]
[SourceQuality "1"]
[WhiteTeam "Katernberg II"]
[BlackTeam "Aachen Aufwaerts II"]
[WhiteTeamCountry "GER"]
[BlackTeamCountry "GER"]

1. e4 c5 2. Nf3 d6 3. Bb5+ Bd7 4. Bxd7+ Qxd7 5. c4 Nc6 6. Nc3 g6 7. d4 cxd4 8. Nxd4 Bg7 9. Be3 Nf6 10. h3 0-0 11. 0-0 Rfc8 12. b3 Qd8 13. Qd2 Qa5 14. Rad1 a6 15. Rfe1 Nd7 16. Nxc6 Rxc6 17. Nd5 Qxd2 18. Bxd2 Kf8 19. Bg5 f6 20. Be3 Kf7 21. Bd4 Bf8 22. a4 b6 23. Re3 e6 24. Nb4 Rcc8 25. Ra1 Be7 26. Kf1 Ke8 27. Bc3 Nc5 28. Bb2 Kf7 29. f4 f5 30. exf5 gxf5 31. Bd4 Ne4 32. Nc2 b5 33. cxb5 axb5 34. Nb4 d5 35. Nd3 Bf6 36. Ne5+ Bxe5 37. Bxe5 bxa4 38. bxa4 Nd2+ 39. Ke2 Nc4 40. Rb3 Ra6 41. Rb7+ Kg6 42. Bd4 h5 43. Rab1 e5 44. fxe5 Rxa4 45. Re7 Ra2+ 46. Ke1 f4 47. e6 Kf5 48. Rf7+ Ke4 49. Bf2 Rc6 50. Rb3 d4 51. Rf3 Ra1+ 52. Ke2 d3+ 53. Rxd3 Ra2+ 54. Kf1 Kxd3 0-1

[Event "NRW Class2 1415"]
[Site "Germany"]
[Date "2014.12.14"]
[Round "4.4"]
[White "Gassmann, Volker"]
[Black "Buendgen, Achim"]
[Result "1-0"]
[WhiteElo "2131"]
[BlackElo "2166"]
[PlyCount "109"]
[EventDate "2014.09.14"]
[EventType "team-tourn"]
[EventRounds "9"]
[EventCountry "GER"]
[SourceTitle "EXT 2017"]
[Source "ChessBase"]
[SourceDate "2016.10.25"]
[SourceVersion "1"]
[SourceVersionDate "2016.10.25"]
[SourceQuality "1"]
[WhiteTeam "Katernberg II"]
[BlackTeam "Neuenkirchen"]
[WhiteTeamCountry "GER"]
[BlackTeamCountry "GER"]

1. Nf3 g6 2. e4 c6 3. c4 Bg7 4. d4 d5 5. e5 Be6 6. Ng5 Bc8 7. cxd5 cxd5 8. Nc3 f6 9. Nf3 Nc6 10. Bb5 Bg4 11. Bf4 Nh6 12. exf6 exf6 13. h3 Bxf3 14. Qxf3 0-0 15. 0-0-0 Nf5 16. Qxd5+ Qxd5 17. Nxd5 Nfxd4 18. Ne7+ Nxe7 19. Rxd4 Rac8+ 20. Kb1 Rfd8 21. Rhd1 Rxd4 22. Rxd4 Bf8 23. Bc4+ Kg7 24. Bb3 g5 25. Bh2 Ng6 26. Rd7+ Kh6 27. Bg8 Ne7 28. Be6 Rc6 29. Bb3 Ng6 30. Bd5 Rb6 31. Bg3 Ba3 32. Rxb7 Rxb7 33. Bxb7 Bc5 34. Be4 Ne7 35. f4 f5 36. fxg5+ Kxg5 37. Bf3 f4 38. Be1 h5 39. b4 Be3 40. Kc2 Ng6 41. Kd3 Ne5+ 42. Ke4 Nc4 43. Kd5 Na3 44. Be4 Kf6 45. Bc3+ Ke7 46. Bb2 Nb5 47. Bf3 h4 48. a4 Nc7+ 49. Kc4 Ne6 50. Bg4 Bd2 51. b5 Ba5 52. Bxe6 Kxe6 53. Bd4 Bb6 54. Bxb6 axb6 55. Kb4 1-0

[Event "NRW Class1 1314"]
[Site "Germany"]
[Date "2013.09.15"]
[Round "1.5"]
[White "Nikolaiczuk, Lothar"]
[Black "Gassmann, Volker"]
[Result "1/2-1/2"]
[WhiteElo "2196"]
[BlackElo "2145"]
[PlyCount "41"]
[EventDate "2013.09.15"]
[EventType "team-tourn"]
[EventRounds "9"]
[EventCountry "GER"]
[SourceTitle "EXT 2015"]
[Source "ChessBase"]
[SourceDate "2014.11.20"]
[SourceVersion "1"]
[SourceVersionDate "2014.11.20"]
[SourceQuality "1"]
[WhiteTeam "Bochum II"]
[BlackTeam "Katernberg II"]
[WhiteTeamCountry "GER"]
[BlackTeamCountry "GER"]

1. Nf3 e6 2. c4 Nf6 3. g3 d5 4. Bg2 c6 5. b3 Bd6 6. Bb2 Nbd7 7. 0-0 0-0 8. d3 Re8 9. Nbd2 b6 10. e4 dxe4 11. dxe4 e5 12. Qc2 Qe7 13. Rfd1 Bb7 14. Nf1 Bc5 15. Bh3 h5 16. Nh4 g6 17. Qe2 Rad8 18. Rd3 Bd4 19. Bxd4 exd4 20. Rxd4 c5 21. Rd3 1/2-1/2

[Event "Oberliga NRW 1213"]
[Site "Germany"]
[Date "2013.04.07"]
[Round "8.4"]
[White "Eichhorn, Andreas"]
[Black "Gassmann, Volker"]
[Result "1-0"]
[WhiteElo "2289"]
[BlackElo "2141"]
[PlyCount "97"]
[EventDate "2012.09.16"]
[EventType "team-tourn"]
[EventRounds "9"]
[EventCountry "GER"]
[SourceTitle "EXT 2017"]
[Source "ChessBase"]
[SourceDate "2016.10.25"]
[SourceVersion "1"]
[SourceVersionDate "2016.10.25"]
[SourceQuality "1"]
[WhiteTeam "Koeln SF"]
[BlackTeam "Katernberg II"]
[WhiteTeamCountry "GER"]
[BlackTeamCountry "GER"]

1. c4 Nf6 2. Nc3 e6 3. e4 d5 4. e5 Ne4 5. Nf3 Be7 6. d4 b6 7. Qa4+ Kf8 8. Bd3 Bb7 9. Be3 Nxc3 10. bxc3 dxc4 11. Bxc4 Be4 12. 0-0 c6 13. Be2 b5 14. Qb3 Nd7 15. a4 a6 16. Nd2 Bd5 17. Qc2 h6 18. c4 bxc4 19. a5 g6 20. Nxc4 Kg7 21. Rfb1 Ra7 22. Nb6 Nb8 23. Rb2 Bg5 24. Rab1 Rb7 25. Bd3 Be7 26. Qe2 Ba3 27. Rc2 Qe7 28. Qd2 Qf8 29. h4 Qe7 30. Qc3 Rd8 31. g3 Rh8 32. Bd2 Qf8 33. Ra1 Be7 34. Rb2 Qd8 35. Rab1 Rg8 36. Nxd5 Rxb2 37. Rxb2 Qxd5 38. Rb7 Rc8 39. Bc4 Qd8 40. Qe3 g5 41. hxg5 hxg5 42. Bxe6 fxe6 43. Qxg5+ Kh8 44. Qh6+ Kg8 45. Qg6+ Kh8 46. Qh6+ Kg8 47. Qxe6+ Kh8 48. Qh6+ Kg8 49. Bg5 1-0